[Event "Titled Tuesday intern op 05th Apr Early"]
[Site "Chess.com INT"]
[Date "2022.04.05"]
[Round "5"]
[White "Roberson, Peter T"]
[Black "Hamidi, Amir Mohammad"]
[Result "0-1"]
[WhiteElo "2430"]
[BlackElo "2276"]
[PlyCount "140"]
[EventDate "2022.04.05"]
[EventType "swiss (blitz)"]
[EventRounds "11"]
[EventCountry "USA"]
[SourceTitle "CBM 207 Extra"]
[Source "ChessBase"]
[SourceDate "2022.05.31"]
[SourceVersion "1"]
[SourceVersionDate "2022.05.31"]
[SourceQuality "1"]

1. e4 e6 2. d4 d5 3. Bd3 dxe4 4. Bxe4 Nf6 5. Bf3 c5 6. Ne2 Nc6 7. Be3 e5 8. Bxc6+ bxc6 9. dxe5 Qxd1+ 10. Kxd1 Ng4 11. Nd2 Nxe5 12. c3 Bf5 13. Ng3 Bg6 14. Nge4 Ng4 15. Ke2 Nxe3 16. Kxe3 0-0-0 17. Rhe1 Be7 18. Nc4 Rhe8 19. Kf3 Kc7 20. Rad1 f5 21. Ng3 Rxd1 22. Rxd1 Bg5 23. h4 Bxh4 24. Rh1 Bg5 25. Nh5 Re4 26. Na5 Bh6 27. Nb3 c4 28. Nd4 c5 29. Nc2 f4 30. Rh4 Bg5 31. Rh1 Bh6 32. Rh4 Re5 33. Nxf4 Bxc2 34. g3 Be4+ 35. Kg4 Rg5+ 36. Kh3 Re5 37. Kg4 Bf5+ 38. Kf3 Bd7 39. Rh2 Bc6+ 40. Kg4 Rg5+ 41. Kh3 Rf5 42. f3 Bxf4 43. gxf4 Rh5+ 44. Kg3 Rxh2 45. Kxh2 Bxf3 46. Kg3 Be4 47. f5 Bxf5 48. Kf4 g6 49. a3 h5 50. Ke5 Kb6 51. Kf4 Kb5 52. Ke3 Ka4 53. Kd2 Kb3 54. Kc1 a5 55. a4 Bd3 56. Kd2 Kxb2 57. Ke3 Kxc3 58. Kf4 Kb4 59. Ke5 Kxa4 60. Kd5 Kb4 61. Kc6 Bf5 62. Kb6 c3 63. Kc6 c2 64. Kd6 c1Q 65. Ke5 Qe3+ 66. Kf6 Kc4 67. Kg7 Qg5 68. Kh7 Qf6 69. Kh6 g5+ 70. Kxh5 Qg6# 0-1

[Event "Titled Tuesday intern op 05th Apr Late"]
[Site "Chess.com INT"]
[Date "2022.04.05"]
[Round "4"]
[White "Rudzinska, Michalina"]
[Black "Hamidi, Amir Mohammad"]
[Result "0-1"]
[WhiteElo "2211"]
[BlackElo "2276"]
[PlyCount "160"]
[EventDate "2022.04.05"]
[EventType "swiss (blitz)"]
[EventRounds "11"]
[EventCountry "USA"]
[SourceTitle "CBM 207 Extra"]
[Source "ChessBase"]
[SourceDate "2022.05.31"]
[SourceVersion "1"]
[SourceVersionDate "2022.05.31"]
[SourceQuality "1"]

1. Nf3 g6 2. e4 Bg7 3. d4 c6 4. Nc3 d5 5. Bf4 Bg4 6. Be2 e6 7. h3 Bxf3 8. Bxf3 Nd7 9. 0-0 Ne7 10. Qd2 0-0 11. Bh6 Qb6 12. Bxg7 Kxg7 13. e5 c5 14. Na4 Qc7 15. Nxc5 Nxc5 16. dxc5 Qxc5 17. c3 Nc6 18. Rfe1 a5 19. Qf4 Qe7 20. Rad1 a4 21. c4 dxc4 22. Qxc4 Rfc8 23. Qb5 Ra5 24. Qb6 Rxe5 25. Rxe5 Nxe5 26. Bxb7 Rb8 27. Qd4 Qf6 28. Be4 g5 29. Rd2 h6 30. Qxa4 Qf4 31. Qd4 Rc8 32. g3 Qf6 33. Kg2 h5 34. f4 gxf4 35. Rf2 f3+ 36. Bxf3 Rc4 37. Qe3 Nxf3 38. Qxf3 Qg6 39. b3 Rd4 40. a4 Rd3 41. Qf4 Rxb3 42. h4 Ra3 43. Rf3 Ra2+ 44. Kh3 Kg8 45. Qg5 Qxg5 46. hxg5 Rxa4 47. Re3 Kg7 48. Re5 Kg6 49. Ra5 Rg4 50. Ra8 Rxg5 51. Rg8+ Kf6 52. Rh8 e5 53. Rh6+ Kf5 54. Rh7 f6 55. Kg2 Kg6 56. Re7 h4 57. Kf2 Rxg3 58. Re8 Rg5 59. Rg8+ Kf5 60. Rh8 Rg4 61. Rh6 Rf4+ 62. Kg2 Ke6 63. Rh5 Rf5 64. Rh8 Rg5+ 65. Kf3 Kf5 66. Rxh4 Kg6 67. Rh8 Rh5 68. Rg8+ Kf5 69. Rg3 Rh8 70. Ke3 Ra8 71. Rf3+ Ke6 72. Rf1 f5 73. Rh1 Ra3+ 74. Ke2 f4 75. Rh6+ Kf5 76. Rb6 e4 77. Rb2 Kg4 78. Kf1 Rh3 79. Kg1 e3 80. Rg2+ Rg3 0-1

[Event "Titled Tuesday intern op 05th Apr Late"]
[Site "Chess.com INT"]
[Date "2022.04.05"]
[Round "2"]
[White "Shandrygin, Nikita"]
[Black "Hamidi, Amir Mohammad"]
[Result "0-1"]
[WhiteElo "2209"]
[BlackElo "2276"]
[PlyCount "90"]
[EventDate "2022.04.05"]
[EventType "swiss (blitz)"]
[EventRounds "11"]
[EventCountry "USA"]
[SourceTitle "CBM 207 Extra"]
[Source "ChessBase"]
[SourceDate "2022.05.31"]
[SourceVersion "1"]
[SourceVersionDate "2022.05.31"]
[SourceQuality "1"]

1. Nf3 g6 2. g3 Bg7 3. d4 d6 4. Bg2 Bd7 5. 0-0 Qc8 6. Re1 Bh3 7. Bh1 h5 8. e4 h4 9. Nxh4 Bf6 10. Ng2 Nc6 11. c3 Bg4 12. Qd3 Bg7 13. Ne3 Bd7 14. f4 Nf6 15. e5 Ng4 16. Nxg4 Bxg4 17. Nd2 dxe5 18. fxe5 Qd7 19. Qb5 Rb8 20. Bxc6 Qxc6 21. Qxc6+ bxc6 22. Ne4 Be6 23. Nc5 Bd5 24. b3 Bf3 25. Rf1 Bg4 26. Bf4 Rd8 27. Rae1 Rd5 28. e6 fxe6 29. Bxc7 Bh3 30. Rf2 Bf6 31. Bf4 Kf7 32. Rfe2 g5 33. Be5 Bg4 34. Re3 Re8 35. Nd3 Bf5 36. Nc5 a5 37. Rf1 Kg6 38. Bxf6 exf6 39. Ne4 Red8 40. Nd2 c5 41. Nf3 Bg4 42. c4 Rxd4 43. Nxd4 cxd4 44. Ree1 d3 45. Rf2 d2 0-1

[Event "Titled Tuesday intern op 05th Oct"]
[Site "Chess.com INT"]
[Date "2021.10.05"]
[Round "1"]
[White "Akshat, Khamparia"]
[Black "Hamidi, Amir Mohammad"]
[Result "0-1"]
[WhiteElo "2390"]
[BlackElo "2276"]
[PlyCount "42"]
[EventDate "2021.10.05"]
[EventType "swiss (blitz)"]
[EventRounds "11"]
[EventCountry "USA"]
[SourceTitle "CBM 204 Extra"]
[Source "ChessBase"]
[SourceDate "2021.11.30"]
[SourceVersion "1"]
[SourceVersionDate "2021.11.30"]
[SourceQuality "1"]

1. d4 Nf6 2. c4 e6 3. Nc3 d5 4. cxd5 Nxd5 5. e4 Nxc3 6. bxc3 c5 7. Nf3 cxd4 8. cxd4 Bb4+ 9. Bd2 Bxd2+ 10. Qxd2 0-0 11. Bc4 Nd7 12. 0-0 b6 13. a4 Bb7 14. Rfe1 Nf6 15. Bd3 Rc8 16. a5 Qc7 17. a6 Ba8 18. e5 Nd5 19. Bxh7+ Kxh7 20. Ng5+ Kg6 21. h4 Qc2 0-1

[Event "Titled Tuesday intern op 05th Oct"]
[Site "Chess.com INT"]
[Date "2021.10.05"]
[Round "2"]
[White "Hamidi, Amir Mohammad"]
[Black "Kanyamarala, Tarun"]
[Result "1-0"]
[WhiteElo "2276"]
[BlackElo "2309"]
[PlyCount "69"]
[EventDate "2021.10.05"]
[EventType "swiss (blitz)"]
[EventRounds "11"]
[EventCountry "USA"]
[SourceTitle "CBM 204 Extra"]
[Source "ChessBase"]
[SourceDate "2021.11.30"]
[SourceVersion "1"]
[SourceVersionDate "2021.11.30"]
[SourceQuality "1"]

1. d4 Nf6 2. c4 e6 3. Nc3 Bb4 4. e3 0-0 5. Nge2 Re8 6. a3 Bf8 7. Ng3 d5 8. cxd5 exd5 9. Bd3 b6 10. 0-0 Ba6 11. Bxa6 Nxa6 12. Qd3 Qc8 13. Bd2 c5 14. Rae1 Qb7 15. f3 Rad8 16. Kh1 g6 17. Nb5 Qd7 18. Nc3 Qb7 19. Bc1 Bg7 20. Bd2 Nc7 21. b4 Ne6 22. dxc5 bxc5 23. bxc5 Nxc5 24. Qb5 Qxb5 25. Nxb5 a6 26. Nd4 Rb8 27. Rb1 Nfd7 28. Nge2 Ne5 29. Bb4 Ncd3 30. Nf4 Nxf4 31. exf4 Nd3 32. Nc6 Rb6 33. Ne7+ Kh8 34. Nxd5 Rb5 35. Nc7 1-0

[Event "Titled Tuesday intern op 05th Oct"]
[Site "Chess.com INT"]
[Date "2021.10.05"]
[Round "9"]
[White "Hamidi, Amir Mohammad"]
[Black "Onischuk, Vladimir"]
[Result "0-1"]
[WhiteElo "2276"]
[BlackElo "2622"]
[PlyCount "30"]
[EventDate "2021.10.05"]
[EventType "swiss (blitz)"]
[EventRounds "11"]
[EventCountry "USA"]
[SourceTitle "CBM 204 Extra"]
[Source "ChessBase"]
[SourceDate "2021.11.30"]
[SourceVersion "1"]
[SourceVersionDate "2021.11.30"]
[SourceQuality "1"]

1. d4 d6 2. c4 e5 3. Nc3 exd4 4. Qxd4 Nc6 5. Qd2 Nf6 6. b3 a5 7. Bb2 a4 8. Nxa4 d5 9. cxd5 Ne4 10. Qe3 Rxa4 11. bxa4 Bb4+ 12. Kd1 Qxd5+ 13. Kc2 0-0 14. Rd1 Qxa2 15. Qxe4 Qxa4+ 0-1

[Event "Titled Tuesday intern op 05th Oct"]
[Site "Chess.com INT"]
[Date "2021.10.05"]
[Round "7"]
[White "Hamidi, Amir Mohammad"]
[Black "Tabatabaei, Mohammad Amin"]
[Result "1/2-1/2"]
[WhiteElo "2276"]
[BlackElo "2639"]
[PlyCount "202"]
[EventDate "2021.10.05"]
[EventType "swiss (blitz)"]
[EventRounds "11"]
[EventCountry "USA"]
[SourceTitle "CBM 204 Extra"]
[Source "ChessBase"]
[SourceDate "2021.11.30"]
[SourceVersion "1"]
[SourceVersionDate "2021.11.30"]
[SourceQuality "1"]

1. d4 Nf6 2. c4 g6 3. Nc3 Bg7 4. e4 d6 5. f3 0-0 6. Be3 c5 7. Nge2 Nc6 8. Qd2 e6 9. 0-0-0 Qa5 10. Kb1 a6 11. dxc5 dxc5 12. Nc1 Rd8 13. Bd3 Ne5 14. Qe2 Qc7 15. f4 Nxd3 16. Nxd3 b6 17. e5 Ne8 18. Nf2 Bb7 19. Nfe4 f6 20. exf6 Nxf6 21. Ng5 Qe7 22. Bc1 Rxd1 23. Rxd1 Re8 24. Re1 h6 25. Nf3 Nd7 26. Qd3 Kh7 27. h4 e5 28. fxe5 Bxf3 29. gxf3 Nxe5 30. Qe4 Nc6 31. Qxe7 Rxe7 32. Ne4 Rf7 33. Nd2 Ne5 34. Re3 Rf4 35. Re4 Rxe4 36. Nxe4 Nxf3 37. Nd6 Nxh4 38. Nc8 b5 39. cxb5 axb5 40. Nd6 b4 41. a4 bxa3 42. bxa3 Nf3 43. a4 Bc3 44. Kc2 Bb4 45. Kd3 h5 46. Ke4 Nd4 47. Be3 Nb3 48. Kf3 Na5 49. Ke4 c4 50. Bb6 c3 51. Kd3 h4 52. Ne4 Nc6 53. Bf2 Ne5+ 54. Kc2 Nf3 55. Kd3 h3 56. Bg3 h2 57. Bxh2 Nxh2 58. Nxc3 Ng4 59. Nd5 Ba5 60. Kc4 g5 61. Kd4 Kg6 62. Kd3 Nf6 63. Ne3 g4 64. Nxg4 Nxg4 65. Kc4 Kf6 66. Kb5 Be1 67. a5 Ne5 68. Kb6 Nc4+ 69. Kb5 Nxa5 70. Kc5 Ke5 71. Kb5 Nb7 72. Kc6 Nd6 73. Kc5 Bf2+ 74. Kc6 Bd4 75. Kd7 Kd5 76. Kc7 Bc5 77. Kd7 Ne4 78. Kc7 Nf6 79. Kb7 Kd6 80. Ka6 Kc6 81. Ka5 Kd5 82. Kb5 Nd7 83. Ka6 Kc6 84. Ka5 Nb6 85. Ka6 Bb4 86. Ka7 Bc3 87. Ka6 Nd5 88. Ka7 Nb4 89. Kb8 Be5+ 90. Ka7 Bc7 91. Ka8 Nd5 92. Ka7 Nb6 93. Ka6 Nd7 94. Ka7 Bb6+ 95. Ka8 Nc5 96. Kb8 Nb7 97. Ka8 Nd6 98. Kb8 Nb5 99. Ka8 Ba5 100. Kb8 Bc7+ 101. Ka8 Bd6 1/2-1/2

[Event "Titled Tuesday intern op 05th Oct"]
[Site "Chess.com INT"]
[Date "2021.10.05"]
[Round "6"]
[White "Hamidi, Amir Mohammad"]
[Black "Vovk, Orest"]
[Result "1-0"]
[WhiteElo "2276"]
[BlackElo "2315"]
[PlyCount "35"]
[EventDate "2021.10.05"]
[EventType "swiss (blitz)"]
[EventRounds "11"]
[EventCountry "USA"]
[SourceTitle "CBM 204 Extra"]
[Source "ChessBase"]
[SourceDate "2021.11.30"]
[SourceVersion "1"]
[SourceVersionDate "2021.11.30"]
[SourceQuality "1"]

1. d4 e5 2. dxe5 Nc6 3. Nf3 Qe7 4. Nc3 Nxe5 5. Nd5 Nxf3+ 6. gxf3 Qd8 7. Bf4 d6 8. e4 c6 9. Nc3 Be6 10. Qd2 Qa5 11. 0-0-0 0-0-0 12. Kb1 g6 13. Qd4 f6 14. h4 Rd7 15. Bc4 Bxc4 16. Qxc4 Nh6 17. Qe6 Be7 18. Bxh6 1-0

[Event "Titled Tuesday intern op 05th Oct"]
[Site "Chess.com INT"]
[Date "2021.10.05"]
[Round "5"]
[White "Nakamura, Hikaru"]
[Black "Hamidi, Amir Mohammad"]
[Result "1-0"]
[WhiteElo "2736"]
[BlackElo "2276"]
[PlyCount "61"]
[EventDate "2021.10.05"]
[EventType "swiss (blitz)"]
[EventRounds "11"]
[EventCountry "USA"]
[SourceTitle "CBM 204 Extra"]
[Source "ChessBase"]
[SourceDate "2021.11.30"]
[SourceVersion "1"]
[SourceVersionDate "2021.11.30"]
[SourceQuality "1"]

1. Nf3 Nf6 2. e3 g6 3. b3 Bg7 4. d4 0-0 5. Bb2 d6 6. Be2 Nbd7 7. 0-0 e5 8. dxe5 Ng4 9. c4 Ngxe5 10. Nxe5 Nxe5 11. Nc3 Be6 12. Qd2 Nc6 13. Nd5 Bxb2 14. Qxb2 Bxd5 15. cxd5 Ne5 16. Rac1 a5 17. Qc3 a4 18. b4 c6 19. f4 Nd7 20. dxc6 bxc6 21. Qxc6 Qe7 22. Qc3 a3 23. Bf3 Rab8 24. Qxa3 Nb6 25. Qd3 d5 26. a3 Rfd8 27. Rc3 Nc4 28. Bxd5 Nb6 29. e4 Nxd5 30. exd5 Rb5 31. Qxb5 1-0

[Event "Titled Tuesday intern op 05th Oct"]
[Site "Chess.com INT"]
[Date "2021.10.05"]
[Round "8"]
[White "Nilsen, Tobias Lang"]
[Black "Hamidi, Amir Mohammad"]
[Result "0-1"]
[WhiteElo "2271"]
[BlackElo "2276"]
[PlyCount "160"]
[EventDate "2021.10.05"]
[EventType "swiss (blitz)"]
[EventRounds "11"]
[EventCountry "USA"]
[SourceTitle "CBM 204 Extra"]
[Source "ChessBase"]
[SourceDate "2021.11.30"]
[SourceVersion "1"]
[SourceVersionDate "2021.11.30"]
[SourceQuality "1"]

1. e4 e6 2. d4 d5 3. Nd2 Be7 4. Ngf3 Nf6 5. e5 Nfd7 6. Bd3 c5 7. c3 b6 8. 0-0 Ba6 9. Bxa6 Nxa6 10. Ne1 Nc7 11. f4 g6 12. Ndf3 c4 13. Nc2 b5 14. g4 a6 15. Kf2 Nb6 16. Ke2 Kd7 17. Ne3 h5 18. h3 hxg4 19. hxg4 Rh3 20. Rh1 Qh8 21. Rxh3 Qxh3 22. Qg1 Rh8 23. Bd2 Na4 24. b3 Nb2 25. Nd1 Nd3 26. Nf2 Nxf2 27. Kxf2 Rh4 28. Nxh4 Bxh4+ 29. Ke2 Qd3+ 30. Kd1 b4 31. Rc1 Nb5 32. Qe3 Nxc3+ 33. Rxc3 Qf1+ 34. Kc2 bxc3 35. Qxc3 Be7 36. Qa5 Qd3+ 37. Kd1 Qxd4 38. Qa4+ Kc7 39. Qxa6 Bb4 40. Ke2 Qxd2+ 41. Kf3 Qd3+ 42. Kg2 Qe2+ 43. Kh3 Qf3+ 44. Kh4 Be7+ 45. g5 Qxf4+ 46. Kh3 Qf5+ 47. Kg2 Qxg5+ 48. Kf3 Qf5+ 49. Ke2 Qxe5+ 50. Kf3 Qd6 51. Qa7+ Kd8 52. Qa8+ Kd7 53. Qb7+ Qc7 54. Qb5+ Kd6 55. Qa6+ Ke5 56. Qa8 Bf6 57. Qa6 c3 58. Qe2+ Kd6 59. Qc2 Ke7 60. b4 Qc4 61. Qa4 Qe4+ 62. Kg3 Kf8 63. Qa8+ Kg7 64. a3 c2 65. Qc6 Bb2 66. b5 c1Q 67. Qxc1 Bxc1 68. b6 Qe3+ 69. Kg2 Qxb6 70. a4 Qb3 71. a5 Be3 72. a6 Ba7 73. Kh1 d4 74. Kg2 Qe3 75. Kh2 Qg5 76. Kh3 Kf6 77. Kh2 Kf5 78. Kh3 Kf4 79. Kh2 Kf3 80. Kh1 Qg2# 0-1

[Event "Titled Tuesday intern op 01st Dec"]
[Site "Chess.com INT"]
[Date "2020.12.01"]
[Round "5"]
[White "Hamidi, Amir Mohammad"]
[Black "Rozman, Levy"]
[Result "0-1"]
[WhiteElo "2276"]
[BlackElo "2343"]
[PlyCount "80"]
[EventDate "2020.12.01"]
[EventType "swiss (blitz)"]
[EventRounds "11"]
[EventCountry "USA"]
[SourceTitle "CBM 199 Extra"]
[Source "ChessBase"]
[SourceDate "2021.01.31"]
[SourceVersion "1"]
[SourceVersionDate "2021.01.31"]
[SourceQuality "1"]

1. d4 Nf6 2. c4 e5 3. dxe5 Ng4 4. Bf4 Nc6 5. Nf3 Bb4+ 6. Nbd2 Qe7 7. e3 Ngxe5 8. Nxe5 Nxe5 9. a3 Bxd2+ 10. Qxd2 d6 11. Be2 0-0 12. 0-0 b6 13. f3 a5 14. b3 Ba6 15. Rac1 Rfe8 16. Bg3 Bb7 17. Rfe1 Nd7 18. e4 Nc5 19. Qc3 f6 20. Bf1 Qf7 21. b4 axb4 22. axb4 Nd7 23. Red1 Kh8 24. Bf2 f5 25. exf5 Qxf5 26. Bd4 Qg5 27. c5 bxc5 28. bxc5 Nf6 29. cxd6 cxd6 30. Bxf6 gxf6 31. Rxd6 Rac8 32. Bc4 Rxc4 33. Qxc4 Bxf3 34. Qf1 Qe3+ 35. Kh1 Bxg2+ 36. Qxg2 Qxc1+ 37. Qg1 Qf4 38. Qg3 Qf1+ 39. Qg1 Qf3+ 40. Qg2 Re1# 0-1

[Event "Titled Tuesday intern op 01st Dec"]
[Site "Chess.com INT"]
[Date "2020.12.01"]
[Round "1"]
[White "Orantes Taboada, Francisco"]
[Black "Hamidi, Amir Mohammad"]
[Result "0-1"]
[WhiteElo "2247"]
[BlackElo "2276"]
[PlyCount "78"]
[EventDate "2020.12.01"]
[EventType "swiss (blitz)"]
[EventRounds "11"]
[EventCountry "USA"]
[SourceTitle "CBM 199 Extra"]
[Source "ChessBase"]
[SourceDate "2021.01.31"]
[SourceVersion "1"]
[SourceVersionDate "2021.01.31"]
[SourceQuality "1"]

1. Nf3 g6 2. g3 Bg7 3. d4 d6 4. Bg2 Nc6 5. 0-0 Bd7 6. c4 Qc8 7. Re1 Bh3 8. Bh1 h5 9. Bf4 h4 10. d5 Nb8 11. Nc3 hxg3 12. fxg3 Nd7 13. e4 Bg4 14. Qd2 Bxf3 15. Bxf3 Ne5 16. Bg2 Nxc4 17. Qf2 Qd7 18. Rac1 a6 19. e5 Nxe5 20. Bxe5 Bxe5 21. Rxe5 dxe5 22. Ne4 Nf6 23. Nxf6+ exf6 24. Qxf6 0-0 25. Rc4 Qd6 26. Qg5 Kg7 27. Re4 f5 28. Rc4 e4 29. Qc1 Rf7 30. Qc3+ Qf6 31. Qb3 b5 32. Rc6 Qd4+ 33. Kh1 Rd8 34. Rxa6 Qxd5 35. Qc3+ Qd4 36. Bf1 Qxc3 37. bxc3 e3 38. Bxb5 Re7 39. Kg1 e2 0-1

[Event "Titled Tuesday intern op 17th Nov"]
[Site "Chess.com INT"]
[Date "2020.11.17"]
[Round "4"]
[White "Jenni, Florian"]
[Black "Hamidi, Amir Mohammad"]
[Result "1-0"]
[WhiteElo "2456"]
[BlackElo "2276"]
[PlyCount "43"]
[EventDate "2020.11.17"]
[EventType "swiss (blitz)"]
[EventRounds "11"]
[EventCountry "USA"]
[SourceTitle "CBM 199 Extra"]
[Source "ChessBase"]
[SourceDate "2021.01.31"]
[SourceVersion "1"]
[SourceVersionDate "2021.01.31"]
[SourceQuality "1"]

1. e4 e6 2. Nf3 d5 3. e5 c5 4. b4 cxb4 5. a3 bxa3 6. d4 Nc6 7. Bd3 Qa5+ 8. Bd2 Qb6 9. Nxa3 Nxd4 10. 0-0 Nxf3+ 11. Qxf3 Bxa3 12. Rxa3 Ne7 13. Rb3 Qc7 14. Re1 Bd7 15. Bb4 Bc6 16. Bd6 Qd7 17. Qg3 0-0 18. Bxh7+ Kxh7 19. Qh4+ Kg8 20. Bxe7 f6 21. exf6 d4 22. Rh3 1-0

[Event "IRI-ch"]
[Site "Tehran"]
[Date "2020.01.24"]
[Round "10"]
[White "Atakhan, Abtin"]
[Black "Hamidi, Amir Mohammad"]
[Result "1-0"]
[WhiteElo "2298"]
[BlackElo "2290"]
[PlyCount "79"]
[EventDate "2020.01.18"]
[EventType "tourn"]
[EventRounds "11"]
[EventCountry "IRI"]
[EventCategory "4"]
[SourceTitle "CBM 194 Extra"]
[Source "ChessBase"]
[SourceDate "2020.03.31"]
[SourceVersion "1"]
[SourceVersionDate "2020.03.31"]
[SourceQuality "1"]

1. c4 Nf6 2. Nc3 e6 3. e4 d5 4. e5 d4 5. exf6 dxc3 6. bxc3 Qxf6 7. d4 e5 8. Nf3 exd4 9. Bg5 Qe6+ 10. Be2 Be7 11. cxd4 Bxg5 12. Nxg5 Qf6 13. Qd2 0-0 14. 0-0 Nc6 15. d5 Ne5 16. f4 Ng4 17. c5 Qe7 18. d6 cxd6 19. cxd6 Qe3+ 20. Qxe3 Nxe3 21. Rf3 Nd5 22. Rd1 Nf6 23. Rc3 h6 24. Nf3 Be6 25. Ra3 Rfd8 26. Ne5 Ne4 27. Rd4 Nc5 28. g4 a5 29. f5 Bd7 30. Bc4 Be8 31. d7 Nxd7 32. Rad3 Rdc8 33. Rxd7 Bxd7 34. Rxd7 Rc5 35. Bxf7+ Kh7 36. Bd5 Re8 37. f6 Rxe5 38. Rxg7+ Kh8 39. Rg8+ Kh7 40. f7 1-0